| 000 | 00900cad a22001935a 4500 | ||
|---|---|---|---|
| 001 | L151153 | ||
| 008 | 101004e2010 xxk 000 0 eng d | ||
| 035 | _a(Sirsi) u151153 | ||
| 041 | 0 | _aeng | |
| 110 | 2 | _aEC Harris Research | |
| 245 | 0 | 0 |
_aEC Harris Research _bmarket insight UAE, Summer 2010 _h[electronic resource] |
| 260 |
_a[S.l.] _bECHarris _c2010 |
||
| 520 | _aImproving returns and business performance in a declining market in the United Arab Emirates (UAE); comparative costs in the Gulf Cooperation Council (GCC); improving asset performance; generating capital; construction cost index for the GCC; cost index forecast. | ||
| 590 | _aKA | ||
| 651 | 4 | _aUnited Arab Emirates | |
| 690 | _aBUILT ENVIRONMENT-CONSTRUCTION MARKET | ||
| 856 | 4 | 8 |
_uhttps://www.echarris.com/pdf/7552_UAE%20Market%20Insight_Summer%202010.pdf _zView the website free of charge at www.echarris.com |
| 942 | _n0 | ||
| 999 |
_c111199 _d111199 |
||